000 00590nam a2200241 a 4500
001 0001-1071
003 ELIB.Books
008 141217 2010 eng
020 _a0880703741
035 _a(ELIB.Books)0001-1226
092 _a248.8
_bSwi
100 _aSwindoll, Charles R.
245 _aStress Fractures
260 _aPortland
_bMultnomah
_c1990
300 _a273
_c23 Cm
500 _aC/o Moe Lwai
650 _aChristian Life
856 _nKBTS; Library
_uKBTS; Elib.
942 _2ddc
_cBK
990 _a1
998 _cbat
_e2014-12-17
999 _c11071
_d11071